Statistics for Literary Characters by Last Name

Click here to take the quiz!

General Stats

  • This quiz has been taken 14,995 times
    (14,982 since last reset)
  • The average score is 12 of 22

Answer Stats

First Last % Correct
SherlockHolmes
94%
DavidCopperfield
91%
RobinsonCrusoe
88%
ScarlettO'Hara
88%
AnnaKarenina
84%
EbenezerScrooge
82%
HermioneGranger
77%
JeanValjean
67%
BellaSwan
60%
SamwiseGamgee
57%
HoldenCaulfield
52%
HollyGolightly
52%
JayGatsby
48%
PhileasFogg
47%
DanteAlighieri
42%
VictorFrankenstein
38%
HesterPrynne
37%
SanchoPanza
36%
ArthurDent
30%
BertieWooster
23%
LemuelGulliver
14%
AbrahamVan Helsing
11%

Score Distribution

Percentile by Number Answered

Percent of People with Each Score

Your Score History

You have not taken this quiz since the last reset